000 00692nam a22002057a 4500
003 OSt
005 20250730031322.0
008 240618b |||||||| |||| 00| 0 eng d
020 _a9786214270835
040 _aDWCL-Main Lib.
_cOC
082 _aFil. 658.421 S487e 2021
100 _aCamilar- Serrano, Angelita Ong
245 _aEntrepreneurial mindset /
_cAngelita Ong Camilar Serrano
260 _aManila, Philippines :
_bUnlimited Books Services & Publishing Inc.,
_c c2021.
300 _axii, 255 pages :
_billustrations ;
_c25cm.
504 _aIncludes Bibliographical References
650 _a1. Entrepreneurship
650 _a 2. Risk management
942 _2ddc
_cBK - FIL
_kFil.
_n0
999 _c816
_d816